Statistiche per Elenca la formazione - Quiz n°139

Clicka qui per fare il quiz!

Statistiche generali

  • Questo quiz è stato fatto 12 volte
  • Il punteggio medio è 9 su 11

Statistiche sulle risposte

RuoloNazioneCalciatore% Corretto
AttaccanteArgentinaSergio Agüero
100%
DifensoreBelgioVincent Kompany
100%
PortiereInghilterraJoe Hart
92%
DifensoreArgentinaPablo Zabaleta
92%
CentrocampistaCosta d'AvorioYaya Touré
92%
TrequartistaArgentinaCarlos Tévez
83%
AlaFranciaSamir Nasri
75%
AlaSpagnaDavid Silva
67%
DifensoreFranciaGaël Clichy
58%
CentrocampistaInghilterraGareth Barry
50%
DifensoreInghilterraJoleon Lescott
50%

Distribuzione punteggi

Percentile per numero di risposta

Percentuale di utenti per punteggio

I tuoi punteggi nel tempo

Non hai fatto questo quiz